01018pam a2200265 a 45000010008000000030004000080050017000120080041000290100016000700200018000860400022001040500017001261000022001432450099001652500012002642600033002763000045003094400026003545040051003805050214004316500025006456500038006707000021007087000023007291579622OSt20220811163527.0930901s1994 moua b 001 0 eng c a2009007873  a9780323031257 aDNLM/DLCcLCdDLC00aRJ51.R3.B55 1 aBlickman Johan G.10aPediatric radiology: the requisites. /cJohan G. Blickman, Bruce R. Parker, Patrick D. Barnes. a3rd ed. aPhiladelphia:bMosby,c2009. aix, 358 p. :bill. (some col.) ;c29 cm. 0aThe Requisites series aIncludes bibliographical references and index. aContents: Pediatric imaging -- Chest -- Heart -- Gastrointestinal tract -- Accessory organs of digestion -- Genitourinary tract -- Skeletal system -- Brain imaging -- Spine imaging -- Head and neck imaging --  0aPediatric radiology. 2aDiagnostic ImagingxChildxInfant aParker, Bruce R. aBarnes, Patrick D.